Woman's eye, woman's hand : (Record no. 97811)

MARC details
000 -LEADER
fixed length control field 00962nam a22002897a 4500
005 - DATE AND TIME OF LATEST TRANSACTION
control field 20160107123808.0
010 ## - LCCN (DPL NO)
LC control number ENG-114318
020 ## - INTERNATIONAL STANDARD BOOK NUMBER
International Standard Book Number 9789381017142
Terms of availability 695.00
035 ## - SYSTEM CONTROL NUMBER
System control number EN-97850
037 ## - SOURCE OF ACQUISITION
Stock number DBAD/PUB
082 ## - DEWEY DECIMAL CLASSIFICATION NUMBER
Classification number 709.54
245 ## - TITLE STATEMENT
Title Woman's eye, woman's hand :
Statement of responsibility, etc edited by D. Fairchild Ruggles
Remainder of title making art and architecture in modern India /
260 ## - PUBLICATION, DISTRIBUTION, ETC. (IMPRINT)
Place of publication, distribution, etc New Delhi
Name of publisher, distributor, etc Zubaan
Date of publication, distribution, etc 2014
270 ## - ADDRESS
Address 128 B Shahpur Jat, Ist Floor
City New Delhi
Postal code 110049
300 ## - PHYSICAL DESCRIPTION
Extent vi,229p. :
Dimensions 23cm(Hb)
Other physical details ill.
500 ## - GENERAL NOTE
General note Includes bibliographical references
500 ## - GENERAL NOTE
General note Some illustrations on endpapers.
520 ## - SUMMARY, ETC.
Summary, etc Contributed articles.
650 ## - SUBJECT ADDED ENTRY--TOPICAL TERM
Topical term or geographic name as entry element Art, Indic.
650 ## - SUBJECT ADDED ENTRY--TOPICAL TERM
Topical term or geographic name as entry element Art, Indic.
Chronological subdivision 20th century.
650 ## - SUBJECT ADDED ENTRY--TOPICAL TERM
Topical term or geographic name as entry element Architecture
Geographic subdivision India
General subdivision History.
650 ## - SUBJECT ADDED ENTRY--TOPICAL TERM
Topical term or geographic name as entry element Feminism
Geographic subdivision India.
650 ## - SUBJECT ADDED ENTRY--TOPICAL TERM
Topical term or geographic name as entry element Women in art.
650 ## - SUBJECT ADDED ENTRY--TOPICAL TERM
Topical term or geographic name as entry element Women architects
Geographic subdivision India.
700 ## - ADDED ENTRY--PERSONAL NAME
Personal name Ruggles, D. Fairchild
942 ## - ADDED ENTRY ELEMENTS (KOHA)
Source of classification or shelving scheme Dewey Decimal Classification
Item type English Books
Call number suffix WOM
Classification part 709.54
Holdings
Withdrawn status Lost status Not for loan Collection code Home library Current library Date acquired Source of acquisition Cost, normal purchase price Full call number Barcode Copy number Cost, replacement price Koha item type
    Not For Loan Non-fiction D.B.Act.Division D.B.Act.Division 15/10/2015 DBAD/PUB 695.00 709.54 WOM EN-97850 1 695.00 English Books

© Delhi Public Library
Hit Counter
free hit counter